Statistics for Formula 1 Podium Finishers

Click here to take the quiz!

General Stats

  • This quiz has been taken 528 times
    (373 since last reset)
  • The average score is 60 of 216

Answer Stats

PodiumsDriverCountryYears Active% Correct
197Lewis HamiltonUnited Kingdom2007-2024
98%
155Michael SchumacherGermany1991-2006, 2010-2012
97%
106Fernando AlonsoSpain2001, 2003-2018, 2021-2024
96%
104Max VerstappenNetherlands2015-2024
96%
27Ralf SchumacherGermany1997-2007
96%
80Ayrton SennaBrazil1984-1994
94%
2Jos VerstappenNetherlands1994-1998, 2000-2001, 2003
94%
103Kimi RäikkönenFinland2001-2009, 2012-2021
94%
122Sebastian VettelGermany2007-2022
91%
106Alain ProstFrance1980-1991, 1993
85%
54Niki LaudaAustria1971-1979, 1982-1985
83%
35Charles LeclercMonaco2018-2024
82%
17Keke RosbergFinland1978-1986
81%
51Mika HäkkinenFinland1991-2001
81%
57Nico RosbergGermany2006-2016
81%
67Valtteri BottasFinland2013-2024
81%
50Jenson ButtonUnited Kingdom2000-2017
80%
22Carlos Sainz Jr.Spain2015-2024
78%
32Daniel RicciardoAustralia2011-2024
77%
39Sergio PérezMexico2011-2024
77%
42Damon HillUnited Kingdom1992-1999
75%
36Graham HillUnited Kingdom1958-1975
75%
16Phil HillUnited States1958-1964, 1966
75%
68Rubens BarrichelloBrazil1993-2011
73%
8Jochen MassGermany1973-1980, 1982
72%
17Lando NorrisUnited Kingdom2019-2024
70%
13Gilles VilleneuveCanada1977-1982
69%
23Jacques VilleneuveCanada1996-2006
69%
11George RussellUnited Kingdom2019-2024
68%
35Juan Manuel FangioArgentina1950-1951, 1953-1958
68%
42Mark WebberAustralia2002-2013
68%
62David CoulthardUnited Kingdom1994-2008
67%
41Felipe MassaBrazil2002, 2004-2017
67%
60Nelson PiquetBrazil1978-1991
67%
59Nigel MansellUnited Kingdom1980-1992, 1994-1995
67%
1Nelson Piquet Jr.Brazil2008-2009
66%
3Esteban OconFrance2016-2018, 2020-2024
64%
4Pierre GaslyFrance2017-2024
64%
3Lance StrollCanada2017-2024
61%
35Emerson FittipaldiBrazil1970-1980
60%
1Kevin MagnussenDenmark2014-2020, 2022-2024
59%
2Alexander AlbonThailand2019-2020, 2022-2024
58%
23James HuntUnited Kingdom1973-1979
57%
30Juan Pablo MontoyaColombia2001-2006
56%
3Oscar PiastriAustralia2023-2024
54%
12Robert KubicaPoland2006-2010, 2019, 2021
53%
43Jackie StewartUnited Kingdom1965-1973
52%
31Jack BrabhamAustralia1955-1970
48%
33Jody ScheckterSouth Africa1972-1980
48%
19Mario AndrettiUnited States1968-1972, 1974-1982
48%
1Michael AndrettiUnited States1993
48%
17Alberto AscariItaly1950-1955
47%
48Gerhard BergerAustria1984-1997
47%
10Romain GrosjeanFrance2009, 2012-2020
47%
19Giancarlo FisichellaItaly1996-2009
46%
1Pastor MaldonadoVenezuela2011-2015
46%
24Stirling MossUnited Kingdom1951-1961
46%
27Bruce McLarenNew Zealand1958-1970
45%
3Daniil KvyatRussia2014-2017, 2019-2020
45%
24Alan JonesAustralia1975-1981, 1983, 1985-1986
44%
11Jarno TrulliItaly1997-2011
43%
32Jim ClarkUnited Kingdom1960-1968
43%
26Eddie IrvineUnited Kingdom1993-2002
41%
13Jochen RindtAustria1964-1970
41%
4Heikki KovalainenFinland2007-2013
40%
25Jacky IckxBelgium1966-1979
40%
32Jean AlesiFrance1989-2001
40%
18Heinz-Harald FrentzenGermany1994-2003
39%
1Kamui KobayashiJapan2009-2012, 2014
38%
20Nino FarinaItaly1950-1956
38%
24John SurteesUnited Kingdom1960-1972
36%
13Nick HeidfeldGermany2000-2011
36%
33Denny HulmeNew Zealand1965-1974
35%
1Takuma SatoJapan2002-2008
35%
37Riccardo PatreseItaly1977-1993
34%
45Carlos ReutemannArgentina1972-1982
33%
26Ronnie PetersonSweden1970-1978
32%
18Mike HawthornUnited Kingdom1952-1958
31%
1Vitaly PetrovRussia2010-2012
31%
28Clay RegazzoniSwitzerland1970-1980
30%
2Mika SaloFinland1994-2000, 2002
30%
5Olivier PanisFrance1994-1999, 2001-2004
30%
3Timo GlockGermany2004, 2008-2012
30%
9Martin BrundleUnited Kingdom1984-1989, 1991-1996
29%
1Pedro de la RosaSpain1999-2002, 2005-2006, 2010-2012
28%
7Johnny HerbertUnited Kingdom1989-2000
25%
22René ArnouxFrance1978-1989
25%
7Pedro RodríguezMexico1963-1971
24%
15Thierry BoutsenBelgium1983-1993
22%
3Alexander WurzAustria1997-2000, 2005, 2007
21%
9Elio de AngelisItaly1979-1986
21%
23Michele AlboretoItaly1981-1994
21%
13Didier PironiFrance1978-1982
20%
6Wolfgang von TripsGermany1956-1961
20%
5Andrea de CesarisItaly1980-1994
19%
15José Froilán GonzálezArgentina1950-1957, 1960
19%
32Jacques LaffiteFrance1974-1986
18%
20John WatsonUnited Kingdom1973-1983, 1985
18%
9Alessandro NanniniItaly1986-1990
17%
6Carlos PaceBrazil1972-1977
16%
1JJ LehtoFinland1989-1994
16%
1Tiago MonteiroPortugal2005-2006
16%
3Mark BlundellUnited Kingdom1991, 1993-1995
15%
12Stefan JohanssonSweden1980, 1983-1991
15%
10Tony BrooksUnited Kingdom1956-1961
15%
19Dan GurneyUnited States1959-1968, 1970
14%
13François CevertFrance1970-1973
14%
10Maurice TrintignantFrance1950-1964
14%
11Patrick TambayFrance1977-1979, 1981-1986
14%
9Peter CollinsUnited Kingdom1952-1958
14%
1Aguri SuzukiJapan1988-1995
13%
11Chris AmonNew Zealand1963-1976
13%
19Patrick DepaillerFrance1972, 1974-1980
13%
9Eddie CheeverUnited States1978, 1980-1989
12%
2Jean-Pierre JabouilleFrance1974-1975, 1977-1981
12%
6Jo SiffertSwitzerland1962-1971
12%
4Derek WarwickUnited Kingdom1981-1990, 1993
11%
4Gunnar NilssonSweden1976-1977
11%
8Lorenzo BandiniItaly1961-1967
11%
6Luigi FagioliItaly1950-1951
11%
8Peter RevsonUnited States1964, 1971-1974
11%
14Richie GintherUnited States1960-1967
11%
2Bill VukovichUnited States1950-1955
10%
1Jo BonnierSweden1956-1971
10%
1Louis ChironMonaco1950-1951, 1953, 1955-1956, 1958
10%
1Lucien BianchiBelgium1959-1963, 1965, 1968
10%
7Luigi MussoItaly1953-1958
10%
5Piero TaruffiItaly1950-1956
9%
1Giancarlo BaghettiItaly1961-1967
8%
4Innes IrelandUnited Kingdom1959-1966
8%
9Jean BehraFrance1952-1959
8%
3Jean-Pierre JarierFrance1971, 1973-1983
8%
1Peter GethinUnited Kingdom1970-1974
8%
1Bob AndersonUnited Kingdom1963-1967
7%
8Jean-Pierre BeltoiseFrance1967-1974
7%
1John LoveRhodesia1962-1965, 1967-1972
7%
1Nicola LariniItaly1987-1992, 1994, 1997
7%
1Vittorio BrambillaItaly1974-1980
7%
1Bob SweikertUnited States1950-1956
6%
3Eugenio CastellottiItaly1955-1957
6%
3Ivan CapelliItaly1985-1993
6%
4Jim RathmannUnited States1950, 1952-1960
6%
1Lee WallardUnited States1950-1951, 1954
6%
1Ludovico ScarfiottiItaly1963-1968
6%
1Pat FlahertyUnited States1950, 1953-1956, 1959
6%
1Roberto MorenoBrazil1982, 1987, 1989-1992, 1995
6%
2Rodger WardUnited States1951-1960, 1963
6%
4Sam HanksUnited States1950-1957
6%
2Teo FabiItaly1982, 1984-1987
6%
2Tom PryceUnited Kingdom1974-1977
6%
1Trevor TaylorUnited Kingdom1959, 1961-1964, 1966
6%
1Troy RuttmanUnited States1950-1958, 1960
6%
1Bruno GiacomelliItaly1977-1983, 1990
5%
2Hans-Joachim StuckGermany1974-1979
5%
1Johnnie ParsonsUnited States1950-1958
5%
2Louis RosierFrance1950-1956
5%
8Luigi VilloresiItaly1950-1956
5%
2Stefano ModenaItaly1987-1992
5%
2Stuart Lewis-EvansUnited Kingdom1957-1958
5%
1Alfonso de PortagoSpain1956-1957
4%
1Éric BernardFrance1989-1991, 1994
4%
1Gianni MorbidelliItaly1990-1992, 1994-1995, 1997
4%
3Jimmy BryanUnited States1951-1960
4%
2Karl KlingGermany1954-1955
4%
1Maurício GugelminBrazil1988-1992
4%
1Mauri RoseUnited States1950-1951
4%
2Mike HailwoodUnited Kingdom1963-1965, 1971-1974
4%
2Onofre MarimónArgentina1951, 1953-1954
4%
2Piers CourageUnited Kingdom1967-1970
4%
1Rolf StommelenGermany1969-1976, 1978
4%
2Rudi FischerSwitzerland1951-1952
4%
3Tony MaggsSouth Africa1961-1965
4%
1Carlos MenditeguyArgentina1953-1958, 1960
3%
1Cliff AllisonUnited Kingdom1958-1961
3%
1Hans HerrmannGermany1953-1955, 1957-1961, 1966, 1969
3%
2Harry SchellUnited States1950-1960
3%
1Henri PescaroloFrance1968-1974, 1976
3%
2Jackie OliverUnited Kingdom1967-1973, 1977
3%
2Jack McGrathUnited States1950-1955
3%
1Jimmy DaviesUnited States1950-1951, 1953-1957, 1959
3%
1Mark DonohueUnited States1971, 1974-1975
3%
3Masten GregoryUnited States1957-1963, 1965
3%
2Mike ParkesUnited Kingdom1959, 1966-1967
3%
2Olivier GendebienBelgium1955-1956, 1958-1961
3%
1Paul FrèreBelgium1952-1956
3%
2Peter ArundellUnited Kingdom1963-1964, 1966
3%
1Peter WhiteheadUnited Kingdom1950-1954
3%
1Philippe StreiffFrance1984-1988
3%
1Reine WisellSweden1970-1974
3%
1Richard AttwoodUnited Kingdom1964-1965, 1967-1969
3%
2Roy SalvadoriUnited Kingdom1952-1962
3%
1Tim SchenkenAustralia1970-1974
3%
1Bill HollandUnited States1950, 1953-1954
2%
1Brian RedmanUnited Kingdom1968, 1970-1974
2%
2Cesare PerdisaItaly1955-1957
2%
1Dorino SerafiniItaly1950
2%
2Felice BonettoItaly1950-1953
2%
1George AmickUnited States1957-1958
2%
1George FollmerUnited States1973
2%
1Johnny Servoz-GavinFrance1967-1970
2%
1Johnny ThomsonUnited States1953-1960
2%
1Manuel AyuloUnited States1950-1955
2%
1Mike SpenceUnited Kingdom1963-1968
2%
1Reg ParnellUnited Kingdom1950-1952, 1954
2%
2Robert ManzonFrance1950-1956
2%
1Tony BettenhausenUnited States1950-1960
2%
2Umberto MaglioliItaly1953-1957
2%
1Willy MairesseBelgium1960-1963, 1965
2%
1Art CrossUnited States1952-1955
1%
1Don FreelandUnited States1953-1960
1%
1Duane CarterUnited States1950-1955, 1959-1960
1%
1Johnny BoydUnited States1955-1960
1%
1Mike NazarukUnited States1951-1954
1%
1Paul GoldsmithUnited States1958-1960
1%
1Paul RussoUnited States1950-1960
1%
1Ron FlockhartUnited Kingdom1954, 1956-1960
1%

Score Distribution

Percentile by Number Answered

Percent of People with Each Score

Your Score History

You have not taken this quiz since the last reset